00908nam a2200253Ia 450000500170000000800410001702000180005808200150007610000430009124501470013425000190028130000430030049000120034365000300035565000290038565000280041465000280044270000280047026400330049833600270053133700330055833800280059104000350061920220317001053.0160825s2007 sp a g 000 0 spa  a978849307801204a909 bG65b1 aGombrich, Ernst Hans Josephd1909-200110aBreve historia del mundobel recuerdo nos sirve para proyectar luz sobre el pasadocErnst H. Gombrich ; traducción de José Luis Gil Aristu a1a. edición  a349 páginas bilustraciones c22 cm  aAtalaya142LEMBaHistoria universal 142LEMBaHistoria medieval 142LEMBaHistoria antigua 142LEMBaHistoria moderna 1 aGil Aristu, José Luis aBarcelonabPenínsulac2007 atextobtxt2rdacontent asin mediaciónbn2rdamedia avolumenbnc2rdacarrier aCO-BoRNBPbspaerdacCO-BoRNBP